Review of Information and Communications Technology and development (Record no. 56481)

MARC details
000 -LEADER
fixed length control field 00581nam a2200145 a 4500
008 - FIXED-LENGTH DATA ELEMENTS--GENERAL INFORMATION
fixed length control field 120416s0000 ||||||||||||||||| || u
020 ## - INTERNATIONAL STANDARD BOOK NUMBER
International Standard Book Number 9211282578
050 ## - LIBRARY OF CONGRESS CALL NUMBER
Classification number UN-ESCWA(05)RICTD/03
245 10 - TITLE STATEMENT
Title Review of Information and Communications Technology and development
246 ## - VARYING FORM OF TITLE
Title proper/short title issue no. 1
260 ## - PUBLICATION, DISTRIBUTION, ETC.
Place of publication, distribution, etc. New York
Name of publisher, distributor, etc. United Nation Economic and Social Commis
Date of publication, distribution, etc. 2003
300 ## - PHYSICAL DESCRIPTION
Extent 95p. : ill.
350 ## - PRICE (NR) (BK AM CF MU VM SE) [OBSOLETE]
Price 0.00
995 ## - RECOMMENDATION 995 [LOCAL, UNIMARC FRANCE]
-- 0.00
-- CBU-MAIN LIBRARY (Kitwe)
-- 1
-- 0.00
-- 1
-- AVAILABLE
-- Apr 13, 2010
-- International Publications
Holdings
Withdrawn status Lost status Source of classification or shelving scheme Damaged status Not for loan Home library Current library Shelving location Date acquired Total Checkouts Full call number Barcode Date last seen Price effective from Koha item type
          CBU-MAIN LIBRARY, KITWE. CBU-MAIN LIBRARY, KITWE.   11/30/2022   UN-ESCWA(05)RICTD/03 03006179 11/30/2022 11/30/2022 MONOGRAPH